Movies Quiz

Random Movies or Clickable Quiz

Matching Movie Pairs Quiz Stats

 Plays Quiz Updated Oct 17, 2018

Challenge
Share
Tweet
Embed
Score 0/62 Timer 06:00
1 Play Today
% Correct
Juliet
94.4%
Dumber
93.6%
Clyde
93%
The Chipmunks
92.2%
Stitch
92.2%
40 Nights
92.1%
The Beast
91.9%
Hutch
91.6%
The Furious
91.6%
Louise
91.5%
Robin
91.2%
A Funeral
90.4%
The Tramp
90.3%
Sensibility
88.8%
The Sundance Kid
88.7%
The Holy Grail
88.3%
Confused
88%
Wives
86.5%
The Hound
85.5%
The Last Crusade
85.2%
Dolls
84.2%
The Giant Peach
84%
Mrs. Smith
83.4%
Away
83.1%
I
83%
Seek
82.3%
A Gentleman
82.2%
Broomsticks
81.5%
Jill
79.7%
Hooch
79.5%
The Bandit
78.8%
% Correct
Have Not
78%
The Frog
77.6%
Good Luck
74.3%
Lyrics
66.4%
The Dead
64.4%
Cigarettes
64.2%
Misdemeanors
63.6%
Leopold
62.5%
Old Lace
61.8%
Cash
59.4%
Her Sisters
56.8%
Maude
55.1%
Joon
54.5%
The Whale
52.9%
Nancy
50.9%
Lightfoot
48.8%
Monsters
45.7%
Melinda
45.5%
Johnny
44.7%
Glory
44.7%
The Real Girl
44.1%
The Women
34.7%
Main
34.3%
The Darkness
33.1%
Coronets
32%
Lowdown
29.3%
Alexander
24.4%
June
24.4%
Jackie
23%
Max
19.6%
The Maiden
17%

You're not logged in!

Compare scores with friends on all Sporcle quizzes.
Join for Free
OR
Log In

You Might Also Like...

Show Comments

Extras

Top Quizzes Today


Score Distribution

Your Account Isn't Verified!

In order to create a playlist on Sporcle, you need to verify the email address you used during registration. Go to your Sporcle Settings to finish the process.

Report this User

Report this user for behavior that violates our Community Guidelines.

Details: